BSOP header

Kasaysayan ng paghihimagsik ng mga Pilipino sa Cavite : (Record no. 1155)

MARC details
000 -LEADER
fixed length control field 00599nam a2200157 4500
008 - FIXED-LENGTH DATA ELEMENTS--GENERAL INFORMATION
fixed length control field 010503s1999 ph 0 engQU
090 ## - LOCALLY ASSIGNED LC-TYPE CALL NUMBER (OCLC); LOCAL CALL NUMBER (OCLC)
Classification number (OCLC) (R) ; Classification number, CALL (RLIN) (NR) DS688
Local cutter number (OCLC) ; Book number/undivided call number, CALL (RLIN) .C38
-- C16
100 1# - MAIN ENTRY--PERSONAL NAME
Personal name Canseco, Don Teleforo
245 10 - TITLE STATEMENT
Title Kasaysayan ng paghihimagsik ng mga Pilipino sa Cavite :
Remainder of title 1897 /
Statement of responsibility, etc ni Don Teleforo Canseco, salin ni Jose Rhommel B. Hernandez
260 ## - PUBLICATION, DISTRIBUTION, ETC. (IMPRINT)
Place of publication, distribution, etc Quezon City :
Name of publisher, distributor, etc PDCIS,
Date of publication, distribution, etc c1999.
300 ## - PHYSICAL DESCRIPTION
Extent iv, 301 p. :
Other physical details ills.
504 ## - BIBLIOGRAPHY, ETC. NOTE
Bibliography, etc Includes bibliographical references.
651 #4 - SUBJECT ADDED ENTRY--GEOGRAPHIC NAME
Geographic name Cavite (Philippine province)
General subdivision History
Chronological subdivision 1897
651 #4 - SUBJECT ADDED ENTRY--GEOGRAPHIC NAME
Geographic name Philippines
General subdivision History
Chronological subdivision 1987
700 1# - ADDED ENTRY--PERSONAL NAME
Personal name Hernandez, Jose Rhommel B.
Holdings
Withdrawn status Lost status Damaged status Not for loan Home library Current library Shelving location Date acquired Accession number Shelving control number Total Checkouts Full call number Barcode Date last seen Price effective from Koha item type
        BSOP Library BSOP Library Filipiniana 12/21/2000 23489 127   DS688/.C38/C16 00015845 02/23/2013 02/23/2013 Books
BSOP

Biblical Seminary of the Philippines
  All rights Reserved
  © 2024

CONTACT INFORMATION

Biblical Seminary of the Philippines,
  77-B Karuhatan Road, Valenzuela City,
  PHILIPPINES 1441
  Phone: +632 8292-6795 / 8292-6798
  Fax : +632 8292-6675
  Email: library@bsop.edu.ph